Normal view
MARC view
- Philips M
Entry Personal Name
001 - CONTROL NUMBER
- control field: 114341
003 - CONTROL NUMBER IDENTIFIER
- control field: OSt
005 - DATE AND TIME OF LATEST TRANSACTION
- control field: 20230125044701.0
008 - FIXED-LENGTH DATA ELEMENTS
- fixed length control field: 230125|| aca||aabn | a|a d
040 ## - CATALOGING SOURCE
- Original cataloging agency: OSt
- Transcribing agency: OSt
100 ## - HEADING--PERSONAL NAME
- Personal name: Philips M
670 ## - SOURCE DATA FOUND
- Source citation: Work cat.: (OSt)91709: Philips M, Emotional excellence -A course in selfmastery, 2000